Congressional procedures and the policy process / (Record no. 2368)

MARC details
000 -LEADER
fixed length control field 00821pam a2200277 i 4500
001 - CONTROL NUMBER
control field 4628599
003 - CONTROL NUMBER IDENTIFIER
control field OSt
005 - DATE AND TIME OF LATEST TRANSACTION
control field 20230622153705.0
008 - FIXED-LENGTH DATA ELEMENTS--GENERAL INFORMATION
fixed length control field 780516s1978 dcu b 001 0 eng
010 ## - LIBRARY OF CONGRESS CONTROL NUMBER
LC control number 78017372
020 ## - INTERNATIONAL STANDARD BOOK NUMBER
International Standard Book Number 0871871531 :
Terms of availability $4.75
040 ## - CATALOGING SOURCE
Original cataloging agency DLC
Transcribing agency DLC
Modifying agency DLC
043 ## - GEOGRAPHIC AREA CODE
Geographic area code n-us---
050 00 - LIBRARY OF CONGRESS CALL NUMBER
Classification number JK1096
Item number .O43
082 00 - DEWEY DECIMAL CLASSIFICATION NUMBER
Classification number 328.73
Item number OLE
100 1# - MAIN ENTRY--PERSONAL NAME
Personal name Oleszek, Walter J.
245 10 - TITLE STATEMENT
Title Congressional procedures and the policy process /
Statement of responsibility, etc. Walter J. Oleszek.
260 ## - PUBLICATION, DISTRIBUTION, ETC. (IMPRINT)
Place of publication, distribution, etc. Washington :
Name of publisher, distributor, etc. Congressional Quarterly Press,
Date of publication, distribution, etc. c1978.
300 ## - PHYSICAL DESCRIPTION
Extent xv, 256 p. ;
Dimensions 21 cm.
490 0# - SERIES STATEMENT
Series statement Politics and public policy series
500 ## - GENERAL NOTE
General note Includes index.
504 ## - BIBLIOGRAPHY, ETC. NOTE
Bibliography, etc Bibliography: p. 233-246.
610 10 - SUBJECT ADDED ENTRY--CORPORATE NAME
Corporate name or jurisdiction name as entry element United States.
Subordinate unit Congress.
906 ## - LOCAL DATA ELEMENT F, LDF (RLIN)
a 7
b cbc
c orignew
d 1
e ocip
f 19
g y-gencatlg
942 ## - ADDED ENTRY ELEMENTS (KOHA)
Source of classification or shelving scheme Dewey Decimal Classification
Koha item type Books
Holdings
Withdrawn status Lost status Source of classification or shelving scheme Damaged status Not for loan Home library Current library Date acquired Total Checkouts Full call number Barcode Checked out Date last seen Price effective from Koha item type
    Dewey Decimal Classification     County Hall Archives County Hall Archives 06/22/2023   328.73 OLE 10001996 07/04/2019 06/22/2023 06/22/2023 Books
    Dewey Decimal Classification     County Hall Archives County Hall Archives 06/22/2023   328.73 OLE 10001163   06/22/2023 06/22/2023 Books
    Dewey Decimal Classification     County Hall Archives County Hall Archives 06/23/2023   328.73 OLE 10001462   06/23/2023 06/23/2023 Books
LIBRARY OPENING HOURS

When the Parliament is sitting: 8.00a.m - 7.00p.m or until the house adjourns
Mondays and Fridays and when the House is on Recess:  8.00a.m - 5.00p.m
Closed on Weekends and Public Holidays

Online Public Access Catalog (OPAC)
Website: http://www.parliament.go.ke
Bunge Library: https://libraryir.parliament.go.ke
Contact: library@parliament.go.ke | Tel no: (254-2)2221291 or 2848000 Ext 5043